[Event "Verbandsliga Sued Baden 1314"]
[Site "Germany"]
[Date "2014.02.16"]
[Round "6.7"]
[White "Remaitre, Alexandre"]
[Black "Braeunlin, Herbert"]
[Result "1-0"]
[WhiteElo "2003"]
[BlackElo "2185"]
[PlyCount "113"]
[EventDate "2013.10.20"]
[EventType "team-tourn"]
[EventRounds "9"]
[EventCountry "GER"]
[SourceTitle "EXT 2015"]
[Source "ChessBase"]
[SourceDate "2014.11.20"]
[SourceVersion "1"]
[SourceVersionDate "2014.11.20"]
[SourceQuality "1"]
[WhiteTeam "Lahr"]
[BlackTeam "Brombach"]
[WhiteTeamCountry "GER"]
[BlackTeamCountry "GER"]

1. Nf3 d5 2. c4 c6 3. g3 e6 4. Bg2 Bd6 5. b3 Qe7 6. 0-0 f5 7. Qc2 Nf6 8. d3 0-0 9. Nbd2 e5 10. e3 Bd7 11. Bb2 Na6 12. a3 Rac8 13. b4 e4 14. Ne1 Bb8 15. Qb3 Be6 16. Nc2 exd3 17. Qxd3 dxc4 18. Nxc4 Rfd8 19. Qe2 Qf7 20. Nd2 Rc7 21. Rfd1 Re7 22. Nd4 Bc8 23. Rac1 Nc7 24. Qd3 a6 25. Qc2 Ncd5 26. Nxf5 Ree8 27. Nd4 Ng4 28. Nf1 Rf8 29. Rd2 Qh5 30. e4 Nb6 31. Qc5 Qxc5 32. bxc5 Na4 33. Ba1 Ba7 34. h3 Nf6 35. Rdc2 Rfe8 36. Rc4 Nxc5 37. Rxc5 Nxe4 38. R5c4 c5 39. Nc6 bxc6 40. Rxe4 Rxe4 41. Bxe4 Bxh3 42. Ne3 Rd2 43. Nc4 Ra2 44. Be5 Be6 45. Bd3 Kf8 46. Rb1 Bxc4 47. Bxc4 Rc2 48. Rb7 Rxc4 49. Bxg7+ Kg8 50. Rxa7 Ra4 51. Bb2 c4 52. Rg7+ Kf8 53. Rc7 h5 54. Rxc6 Ke7 55. Rh6 Ra5 56. Bc3 Rd5 57. Rc6 1-0

[Event "Wasselonne op"]
[Site "Wasselonne"]
[Date "2009.08.09"]
[Round "6"]
[White "Blum, Nicolas"]
[Black "Remaitre, Alexandre"]
[Result "1-0"]
[WhiteElo "2240"]
[BlackElo "2030"]
[PlyCount "79"]
[EventDate "2009.08.06"]
[EventType "swiss"]
[EventRounds "7"]
[EventCountry "FRA"]
[SourceTitle "EXT 2011"]
[Source "ChessBase"]
[SourceDate "2010.11.26"]
[SourceVersion "1"]
[SourceVersionDate "2010.11.26"]
[SourceQuality "1"]

1. e4 c5 2. Nf3 Nc6 3. Bb5 g6 4. 0-0 Bg7 5. c3 Qc7 6. d4 cxd4 7. cxd4 Nf6 8. Nc3 0-0 9. e5 Ne8 10. Nd5 Qd8 11. Bg5 f6 12. exf6 Nxf6 13. Nxf6+ exf6 14. Bf4 d5 15. Rc1 Qb6 16. Qb3 Nxd4 17. Nxd4 Qxd4 18. Bd6 Be6 19. Rfd1 Qh4 20. Bxf8 Bxf8 21. Re1 Bf7 22. Bd7 Qb4 23. Qxb4 Bxb4 24. Red1 Bd6 25. Rc8+ Rxc8 26. Bxc8 b6 27. Bb7 Be5 28. Bxd5 Bxb2 29. Bxf7+ Kxf7 30. Rd7+ Ke6 31. Rxa7 h5 32. Kf1 Kd5 33. Ke2 Bd4 34. f3 h4 35. Kd3 Bc5 36. Rd7+ Ke5 37. Kc4 Kf5 38. a4 h3 39. gxh3 Bf2 40. Rd6 1-0

[Event "Wasselonne op"]
[Site "Wasselonne"]
[Date "2009.08.07"]
[Round "3"]
[White "Remaitre, Alexandre"]
[Black "Cofman, Veaceslav"]
[Result "1/2-1/2"]
[WhiteElo "2030"]
[BlackElo "1925"]
[PlyCount "39"]
[EventDate "2009.08.06"]
[EventType "swiss"]
[EventRounds "7"]
[EventCountry "FRA"]
[SourceTitle "EXT 2011"]
[Source "ChessBase"]
[SourceDate "2010.11.26"]
[SourceVersion "1"]
[SourceVersionDate "2010.11.26"]
[SourceQuality "1"]

1. e4 e6 2. d4 d5 3. Nc3 Nf6 4. Bg5 Be7 5. Nf3 Nxe4 6. Nxe4 dxe4 7. Bxe7 Qxe7 8. Nd2 f5 9. Bc4 Nd7 10. Qe2 Nf6 11. 0-0-0 Bd7 12. f3 Bc6 13. fxe4 Nxe4 14. Nxe4 Bxe4 15. d5 exd5 16. Bxd5 0-0-0 17. Qe3 Kb8 18. Rhe1 Qh4 19. Bxe4 fxe4 20. Qxe4 1/2-1/2

[Event "Wasselonne op"]
[Site "Wasselonne"]
[Date "2009.08.07"]
[Round "2"]
[White "Wurtz, Guillaume"]
[Black "Remaitre, Alexandre"]
[Result "1/2-1/2"]
[WhiteElo "1820"]
[BlackElo "2030"]
[PlyCount "76"]
[EventDate "2009.08.06"]
[EventType "swiss"]
[EventRounds "7"]
[EventCountry "FRA"]
[SourceTitle "EXT 2011"]
[Source "ChessBase"]
[SourceDate "2010.11.26"]
[SourceVersion "1"]
[SourceVersionDate "2010.11.26"]
[SourceQuality "1"]

1. e4 c5 2. Nf3 Nc6 3. d4 cxd4 4. Nxd4 Nf6 5. Nc3 e6 6. Nxc6 bxc6 7. e5 Nd5 8. Ne4 Qc7 9. f4 Qa5+ 10. c3 Ba6 11. Bd3 Qb6 12. a3 Ne3 13. Qe2 Nxg2+ 14. Kf1 Bxd3 15. Qxd3 Nh4 16. b4 Nf5 17. Ke2 a5 18. Be3 Nxe3 19. Qxe3 Qxe3+ 20. Kxe3 f5 21. exf6 gxf6 22. Nxf6+ Ke7 23. Ng4 d6 24. Rad1 h5 25. Nf2 Bh6 26. Ke4 Rhf8 27. Nd3 axb4 28. axb4 Ra3 29. c4 Rc3 30. Rc1 d5+ 31. cxd5 cxd5+ 32. Kd4 Rxc1 33. Rxc1 Bxf4 34. Nxf4 Rxf4+ 35. Kc5 Kd7 36. b5 Kc7 37. b6+ Kb7 38. Kb5 Rc4 1/2-1/2

[Event "FRA-chT2 East 0809"]
[Site "France"]
[Date "2009.01.17"]
[Round "5.4"]
[White "Remaitre, Alexandre"]
[Black "Briet, Antoine"]
[Result "1/2-1/2"]
[WhiteElo "2019"]
[BlackElo "2177"]
[PlyCount "77"]
[EventDate "2008.10.19"]
[EventType "tourn"]
[EventRounds "11"]
[EventCountry "FRA"]
[SourceTitle "EXT 2010"]
[Source "ChessBase"]
[SourceDate "2010.11.25"]
[SourceVersion "1"]
[SourceVersionDate "2010.11.25"]
[SourceQuality "1"]
[WhiteTeam "Obernai"]
[BlackTeam "Mundolsheim"]
[WhiteTeamCountry "FRA"]
[BlackTeamCountry "FRA"]

1. e4 c5 2. Nf3 d6 3. c3 Nf6 4. h3 Nbd7 5. Bd3 b6 6. 0-0 Bb7 7. Re1 Rc8 8. Bc2 Qc7 9. d3 g6 10. Nbd2 Bg7 11. Nf1 0-0 12. N3h2 d5 13. Ng4 c4 14. exd5 cxd3 15. Bb3 Nxd5 16. Bxd5 Bxd5 17. Rxe7 Be6 18. Qxd3 h5 19. Nh6+ Kh7 20. Nxf7 Rxf7 21. Rxe6 Ne5 22. Qe4 Rxf2 23. Bf4 Qf7 24. Kxf2 Rc4 25. Rxe5 Rxe4 26. Rxe4 g5 27. g3 Qf5 28. Rae1 gxf4 29. Rxf4 Qxh3 30. Re7 Kg6 31. Ne3 Bf6 32. Rxa7 h4 33. Rg4+ Bg5 34. gxh4 Qxe3+ 35. Kg2 Qe2+ 36. Kg3 Qe1+ 37. Kh3 Qh1+ 38. Kg3 Qe1+ 39. Kh3 1/2-1/2

[Event "FRA-chT2 East 0809"]
[Site "France"]
[Date "2008.11.22"]
[Round "2.4"]
[White "Remaitre, Alexandre"]
[Black "Ruffenach, Alain"]
[Result "0-1"]
[WhiteElo "2019"]
[BlackElo "2111"]
[PlyCount "64"]
[EventDate "2008.10.19"]
[EventType "tourn"]
[EventRounds "11"]
[EventCountry "FRA"]
[SourceTitle "EXT 2010"]
[Source "ChessBase"]
[SourceDate "2010.11.25"]
[SourceVersion "1"]
[SourceVersionDate "2010.11.25"]
[SourceQuality "1"]
[WhiteTeam "Obernai"]
[BlackTeam "Vandoeuvre II"]
[WhiteTeamCountry "FRA"]
[BlackTeamCountry "FRA"]

1. e4 g6 2. d4 Bg7 3. Nc3 c5 4. Nf3 cxd4 5. Nxd4 Nc6 6. Be3 d6 7. Qd2 Nf6 8. f3 Nxd4 9. Bxd4 Bd7 10. 0-0-0 Rc8 11. e5 dxe5 12. Bxe5 0-0 13. Bxf6 Bxf6 14. Qxd7 Qa5 15. Nd5 Qxa2 16. Nxf6+ exf6 17. Bd3 Qa1+ 18. Kd2 Qxb2 19. Rhe1 Rfd8 20. Qa4 Qc3+ 21. Ke2 Qe5+ 22. Kf2 Qxh2 23. Rh1 Qe5 24. Qxa7 Rxd3 25. cxd3 Rc2+ 26. Kg1 Qe2 27. Qb8+ Kg7 28. Qg3 Qxd1+ 29. Kh2 Qxd3 30. Re1 Re2 31. Ra1 Qd4 32. Rb1 Re5 0-1

[Event "Verbandsliga Sued Baden 0809"]
[Site "Germany"]
[Date "2008.10.12"]
[Round "2.8"]
[White "Krueger, Michael"]
[Black "Remaitre, Alexandre"]
[Result "0-1"]
[WhiteElo "2120"]
[BlackElo "2026"]
[PlyCount "46"]
[EventDate "2008.09.28"]
[EventType "team-tourn"]
[EventRounds "9"]
[EventCountry "GER"]
[SourceTitle "EXT 2010"]
[Source "ChessBase"]
[SourceDate "2010.11.25"]
[SourceVersion "1"]
[SourceVersionDate "2010.11.25"]
[SourceQuality "1"]
[WhiteTeam "Engen"]
[BlackTeam "Dreisamtal"]
[WhiteTeamCountry "GER"]
[BlackTeamCountry "GER"]

1. e4 c5 2. c3 d5 3. exd5 Qxd5 4. d4 e6 5. Nf3 Nc6 6. Be3 cxd4 7. cxd4 Nf6 8. Nc3 Bb4 9. Bd3 0-0 10. 0-0 Bxc3 11. bxc3 b6 12. Qc2 h6 13. Nd2 Bb7 14. Ne4 Nxd4 15. cxd4 Rac8 16. Qe2 Nxe4 17. f3 Nf6 18. Rfd1 Qd6 19. Bf2 Rc3 20. Qe3 Rfc8 21. Bg3 Qa3 22. Be1 Ba6 23. Rac1 Rxc1 0-1

[Event "FRA-chT2 East 0708"]
[Site "France"]
[Date "2008.04.06"]
[Round "11.4"]
[White "Remaitre, Alexandre"]
[Black "Schlupp, Olivier"]
[Result "1/2-1/2"]
[WhiteElo "2017"]
[BlackElo "2138"]
[PlyCount "53"]
[EventDate "2007.10.21"]
[EventType "team-tourn"]
[EventRounds "11"]
[EventCountry "FRA"]
[SourceTitle "EXT 2009"]
[Source "ChessBase"]
[SourceDate "2008.11.26"]
[SourceVersion "1"]
[SourceVersionDate "2008.11.26"]
[SourceQuality "1"]
[WhiteTeam "Obernai"]
[BlackTeam "Saverne"]
[WhiteTeamCountry "FRA"]
[BlackTeamCountry "FRA"]

1. e4 c5 2. Nf3 d6 3. Bb5+ Bd7 4. Bxd7+ Qxd7 5. 0-0 Nc6 6. d4 cxd4 7. Nxd4 Nf6 8. Nc3 g6 9. Be3 Bg7 10. Nxc6 bxc6 11. f3 0-0 12. Qd2 d5 13. Rfd1 Rfd8 14. exd5 cxd5 15. Bd4 e6 16. Qg5 Ne8 17. Bxg7 Kxg7 18. Rd4 f6 19. Qd2 Nd6 20. Rd1 Nf5 21. Rb4 a5 22. Rb3 Rab8 23. Ne2 Qa7+ 24. Kh1 a4 25. Rxb8 Rxb8 26. b3 Qe3 27. Nd4 1/2-1/2

[Event "FRA-chT2 East 0708"]
[Site "France"]
[Date "2008.02.10"]
[Round "7.6"]
[White "Pellaton, Bernard"]
[Black "Remaitre, Alexandre"]
[Result "1/2-1/2"]
[WhiteElo "2062"]
[BlackElo "2043"]
[PlyCount "52"]
[EventDate "2007.10.21"]
[EventType "team-tourn"]
[EventRounds "11"]
[EventCountry "FRA"]
[SourceTitle "EXT 2009"]
[Source "ChessBase"]
[SourceDate "2008.11.26"]
[SourceVersion "1"]
[SourceVersionDate "2008.11.26"]
[SourceQuality "1"]
[WhiteTeam "Besancon TPG II"]
[BlackTeam "Obernai"]
[WhiteTeamCountry "FRA"]
[BlackTeamCountry "FRA"]

1. Nf3 Nf6 2. d4 e6 3. c4 b6 4. g3 Bb7 5. Bg2 Be7 6. 0-0 0-0 7. Nc3 c5 8. d5 exd5 9. cxd5 d6 10. a4 a6 11. Nh4 Re8 12. Nf5 Bf8 13. Re1 Bc8 14. Ne3 Nbd7 15. Nc4 Rb8 16. Na3 Ne5 17. f4 Ng6 18. e4 h5 19. h3 Bd7 20. Nc4 b5 21. axb5 axb5 22. f5 Nh4 23. gxh4 bxc4 24. Re2 Nh7 25. Ra7 Bc8 26. Qa4 Rb4 1/2-1/2

[Event "Oberliga Baden 0708"]
[Site "Germany"]
[Date "2007.12.09"]
[Round "4.6"]
[White "Remaitre, Alexandre"]
[Black "Zaskalski, Arkadiusz"]
[Result "0-1"]
[WhiteElo "2058"]
[BlackElo "2207"]
[PlyCount "72"]
[EventDate "2007.10.21"]
[EventType "team-tourn"]
[EventRounds "9"]
[EventCountry "GER"]
[SourceTitle "EXT 2009"]
[Source "ChessBase"]
[SourceDate "2008.11.26"]
[SourceVersion "1"]
[SourceVersionDate "2008.11.26"]
[SourceQuality "1"]
[WhiteTeam "Dreisamtal"]
[BlackTeam "Neuhausen"]
[WhiteTeamCountry "GER"]
[BlackTeamCountry "GER"]

1. e4 c5 2. Nc3 Nc6 3. g3 g6 4. Bg2 Bg7 5. d3 e6 6. Be3 d6 7. Qd2 Rb8 8. Nge2 Nd4 9. 0-0 b5 10. f4 b4 11. Nd1 Ne7 12. c3 Nxe2+ 13. Qxe2 bxc3 14. bxc3 0-0 15. Rc1 Qa5 16. Kh1 Bd7 17. Qf2 Qa3 18. g4 f5 19. h3 Ba4 20. Qd2 Bxd1 21. Rfxd1 Rb2 22. Rc2 Rfb8 23. d4 Qxa2 24. Rdc1 fxe4 25. dxc5 d5 26. Bf1 a5 27. Bd4 Bxd4 28. Rxb2 Qxb2 29. Qxb2 Rxb2 30. cxd4 Nc6 31. Ba6 Nxd4 32. Kg1 e3 33. Rf1 e2 34. Re1 Nf3+ 35. Kf2 Nxe1 36. c6 Nc2 0-1

[Event "FRA-chT2 East 0708"]
[Site "France"]
[Date "2007.11.25"]
[Round "3.4"]
[White "Remaitre, Alexandre"]
[Black "Garcia, Gilles"]
[Result "1/2-1/2"]
[WhiteElo "2058"]
[BlackElo "2017"]
[PlyCount "34"]
[EventDate "2007.10.21"]
[EventType "team-tourn"]
[EventRounds "11"]
[EventCountry "FRA"]
[SourceTitle "EXT 2009"]
[Source "ChessBase"]
[SourceDate "2008.11.26"]
[SourceVersion "1"]
[SourceVersionDate "2008.11.26"]
[SourceQuality "1"]
[WhiteTeam "Obernai"]
[BlackTeam "Reims"]
[WhiteTeamCountry "FRA"]
[BlackTeamCountry "FRA"]

1. e4 d5 2. exd5 Nf6 3. d4 Bg4 4. f3 Bf5 5. Bb5+ Nbd7 6. Ne2 a6 7. Bxd7+ Qxd7 8. c4 e6 9. dxe6 Bxe6 10. 0-0 Bd6 11. Bf4 0-0-0 12. Bxd6 Qxd6 13. Qb3 c5 14. Rd1 cxd4 15. c5 Qd5 16. Qxd5 Rxd5 17. Rxd4 Rxc5 1/2-1/2